[Event "Lazy Baltic Pearl op-A 19th"]
[Site "Lazy"]
[Date "2023.06.29"]
[Round "4"]
[White "Hiszczynski, Jakub"]
[Black "Bartlomowicz, Jakub"]
[Result "0-1"]
[WhiteElo "1977"]
[BlackElo "1649"]
[PlyCount "170"]
[EventDate "2023.06.26"]
[EventType "swiss"]
[EventRounds "9"]
[EventCountry "POL"]
[SourceTitle "CBM 215 Extra"]
[Source "ChessBase"]
[SourceDate "2023.09.30"]
[SourceVersion "1"]
[SourceVersionDate "2023.09.30"]
[SourceQuality "1"]

1. e4 e5 2. Nf3 Nc6 3. d4 exd4 4. Nxd4 Bc5 5. Be3 Qf6 6. c3 Nge7 7. Bc4 0-0 8. 0-0 d6 9. Nxc6 Nxc6 10. Bxc5 dxc5 11. f4 Na5 12. Bd3 c4 13. Bc2 Qb6+ 14. Kh1 Qxb2 15. Nd2 Qxc3 16. Rf3 Qd4 17. Qe1 Nc6 18. Rb1 a5 19. a3 Ra6 20. Rg3 Qf6 21. Qf2 Qd4 22. Qe2 Rb6 23. Rd1 Qc5 24. e5 Nd4 25. Qh5 Nxc2 26. Ne4 Qe7 27. Nf6+ Rxf6 28. Qg5 g6 29. exf6 Qe2 30. Rg1 Kh8 31. Qc5 Re8 32. Qxc7 Qe6 33. f5 Qxf6 34. fxg6 hxg6 35. Rf3 Bf5 36. Qxc4 Ne3 37. Qf4 Nd5 38. Qd2 Qe5 39. Qxa5 Kg7 40. Rgf1 Ne3 41. Qxe5+ Rxe5 42. Re1 Nc4 43. Rxe5 Nxe5 44. Rb3 Be4 45. Kg1 Kf6 46. Kf2 Bd5 47. Rb6+ Kf5 48. a4 Ke4 49. a5 Nc4 50. Rb4 Kd4 51. Ra4 Bc6 52. a6 bxa6 53. Rxa6 Bd5 54. Ra7 Ke5 55. Re7+ Kf5 56. Ra7 Nd6 57. Ra5 Ke5 58. Kf1 Nc4 59. Ra7 Ne3+ 60. Kf2 Nxg2 61. Ra4 Nf4 62. Ke3 Ne6 63. Rh4 f5 64. Rh6 f4+ 65. Kf2 Kf5 66. Rh8 Ng5 67. h3 Ne4+ 68. Kf3 Nf6+ 69. Kf2 Kg5 70. Ke2 Be4 71. Kf2 Nh5 72. Re8 Bf5 73. Kg2 Kh4 74. Kf3 Bxh3 75. Re1 Kg5 76. Rg1+ Kf6 77. Ra1 Bf5 78. Rc1 Kg5 79. Rg1+ Ng3 80. Ra1 Bg4+ 81. Kg2 Kh4 82. Ra6 f3+ 83. Kh2 Bf5 84. Ra3 f2 85. Ra4+ Kg5 0-1

[Event "Ostrava Konik op-A"]
[Site "Ostrava"]
[Date "2022.05.01"]
[Round "2"]
[White "Dwilewicz, Katarzyna"]
[Black "Bartlomowicz, Jakub"]
[Result "1/2-1/2"]
[WhiteElo "2079"]
[BlackElo "1860"]
[PlyCount "59"]
[EventDate "2022.04.30"]
[EventType "swiss"]
[EventRounds "9"]
[EventCountry "CZE"]
[SourceTitle "CBM 208 Extra"]
[Source "ChessBase"]
[SourceDate "2022.07.31"]
[SourceVersion "1"]
[SourceVersionDate "2022.07.31"]
[SourceQuality "1"]

1. e4 c5 2. Nf3 Nc6 3. d4 cxd4 4. Nxd4 Nf6 5. Nc3 e5 6. Ndb5 d6 7. Be3 a6 8. Na3 Ng4 9. Nc4 Nxe3 10. Nxe3 Be7 11. Qd2 Be6 12. Ncd5 0-0 13. c3 Bg5 14. g3 Ne7 15. Bg2 Bxd5 16. exd5 f5 17. h4 Bh6 18. 0-0-0 Kh8 19. Bh3 Ng8 20. Kb1 f4 21. Ng4 fxg3 22. Nxh6 Nxh6 23. fxg3 Nf5 24. Rhg1 Qb6 25. Bxf5 Rxf5 26. Rgf1 Raf8 27. Qe2 Rf2 28. Qc2 R2f5 29. Qd2 Rf2 30. Rg1 1/2-1/2

[Event "POL-ch U17 Qual"]
[Site "Jastrzebia Gora"]
[Date "2021.11.20"]
[Round "8"]
[White "Bekier, Piotr"]
[Black "Bartlomowicz, Jakub"]
[Result "1/2-1/2"]
[WhiteElo "1293"]
[BlackElo "1842"]
[PlyCount "61"]
[EventDate "2021.11.15"]
[EventType "swiss"]
[EventRounds "9"]
[EventCountry "POL"]
[SourceTitle "EXT 2023"]
[Source "ChessBase"]
[SourceDate "2022.10.05"]
[SourceVersion "1"]
[SourceVersionDate "2022.10.05"]
[SourceQuality "1"]

1. d4 d5 2. Nf3 Nf6 3. Bg5 Bf5 4. Bxf6 exf6 5. e3 c6 6. Nbd2 Nd7 7. Nh4 Be6 8. Bd3 Bd6 9. 0-0 0-0 10. Nf5 Bxf5 11. Bxf5 Nb6 12. c3 g6 13. Bd3 f5 14. g3 Nd7 15. c4 Nf6 16. cxd5 Nxd5 17. a3 Qd7 18. Rc1 Rfc8 19. Nb3 a5 20. Nc5 Bxc5 21. Rxc5 b6 22. Rc2 b5 23. Rc5 b4 24. Qc2 a4 25. Rc1 b3 26. Qc4 Nb6 27. Qc3 Nd5 28. Qc4 Nb6 29. Qc3 Nd5 30. Qc4 Nb6 31. Qc3 1/2-1/2

[Event "Polanica Zdroj op-C 56th"]
[Site "Polanica Zdroj"]
[Date "2020.08.23"]
[Round "9"]
[White "Bartlomowicz, Jakub"]
[Black "Borowski, Przemyslaw"]
[Result "1/2-1/2"]
[WhiteElo "1613"]
[BlackElo "1790"]
[PlyCount "38"]
[EventDate "2020.08.15"]
[EventType "swiss"]
[EventRounds "9"]
[EventCountry "POL"]
[SourceTitle "CBM 198 Extra"]
[Source "ChessBase"]
[SourceDate "2020.11.30"]
[SourceVersion "1"]
[SourceVersionDate "2020.11.30"]
[SourceQuality "1"]

1. e4 c5 2. Nf3 e6 3. d4 cxd4 4. Nxd4 Nc6 5. Nc3 Qc7 6. Be2 a6 7. 0-0 Nf6 8. a3 b5 9. Be3 Bb7 10. f3 Be7 11. Nxc6 Qxc6 12. Qe1 0-0 13. Qg3 Rfd8 14. e5 Nd5 15. Nxd5 Qxd5 16. Bd3 Bc5 17. Qf2 Bxe3 18. Qxe3 d6 19. exd6 Qxd6 1/2-1/2

[Event "Rubinstein Memorial-C 53rd"]
[Site "Polanica Zdroj"]
[Date "2017.08.19"]
[Round "1"]
[White "Bartlomowicz, Jakub"]
[Black "Gromczak, Dariusz"]
[Result "0-1"]
[WhiteElo "1506"]
[BlackElo "1979"]
[PlyCount "60"]
[EventDate "2017.08.19"]
[EventType "swiss"]
[EventRounds "9"]
[EventCountry "POL"]
[SourceTitle "CBM 180 Extra"]
[Source "ChessBase"]
[SourceDate "2017.10.06"]
[SourceVersion "1"]
[SourceVersionDate "2017.10.06"]
[SourceQuality "1"]

1. e4 c5 2. Nf3 e6 3. d4 cxd4 4. Nxd4 Nc6 5. Nc3 Qc7 6. Be2 a6 7. 0-0 Nf6 8. Kh1 Nxd4 9. Qxd4 Bc5 10. Qd1 0-0 11. Bg5 b5 12. Bxf6 gxf6 13. Bd3 Bb7 14. Qg4+ Kh8 15. f4 Rg8 16. Qh4 f5 17. Qf6+ Rg7 18. Rf3 Qd8 19. Qh6 b4 20. Na4 fxe4 21. Rg3 Rxg3 22. hxg3 Bf8 23. Qh5 exd3 24. cxd3 Qc7 25. Qxf7 Qc6 26. Rg1 Qxa4 27. Qh5 Qxa2 28. Qe2 Bg7 29. Qe3 Qd5 30. Qd2 Qh5# 0-1